The incompleat angler : fishing Izaak Walton's favorite rivers /

Bibliographic Details
Main Author: Deindorfer, Robert G.
Format: Book
Language:English
Published: New York : E. P. Dutton, [1977]
Edition:1st ed.
Subjects:

MARC

Tag First Indicator Second Indicator Subfields
LEADER 00000pam a2200000 i 4500
001 in00000331221
005 20151011060125.0
008 770103s1977 nyua 00010 eng
010 |a  76058490  
020 |a 0525132929 
035 |a (OCoLC)02968224 
035 |9 ABM4957AM 
040 |a DLC  |c DLC  |d TXA  |d UtOrBLW 
043 |a e-uk-en 
049 |a TXAM  |c [1395665] 
050 0 0 |a SH606  |b .D44 1977 
082 0 |a 799.1/2 
100 1 |a Deindorfer, Robert G. 
245 1 4 |a The incompleat angler :  |b fishing Izaak Walton's favorite rivers /  |c Robert G. Deindorfer ; foreword by Nick Lyons ; drawings by Dorothea von Elbe. 
250 |a 1st ed. 
264 1 |a New York :  |b E. P. Dutton,  |c [1977] 
264 4 |c ©1977 
300 |a xiv, 155 pages :  |b illustrations ;  |c 22 cm. 
336 |a text  |b txt  |2 rdacontent 
337 |a unmediated  |b n  |2 rdamedia 
338 |a volume  |b nc  |2 rdacarrier 
650 0 |a Fishing  |z England. 
999 |a MARS 
999 f f |s 12fdbe23-397d-308c-9b61-36351a3f3019  |i 2ef1a915-02d9-3358-b15c-cc8f2341a999  |t 0 
952 f f |p ric  |a Texas A&M University  |b Rellis Campus  |c Joint Library Facility  |d Remote Storage  |t 0  |e SH606 .D44 1977  |h Library of Congress classification  |i unmediated -- volume  |m A14805252382 
998 f f |a SH606 .D44 1977  |t 0  |l Remote Storage